000 00987nas a2200313 4500
001 BR9704288
003 BR-BrBNA
005 20231205100513.0
007 ta
008 230509b bl.|||p| |||| 00| 00por d
040 _aBR-BrBNA
_bpor
_cBiblioteca Nacional de Agricultura
041 _a(Pt)
072 _aH60; H50
100 1 _aOliveira, P.P.A.
100 1 _aSantos, P.M.
100 1 _aCorsi, M.
100 1 _aVictoria Filho, R.
100 1 _aDiaz, M. del P.
245 1 _aEstudo dos efeitos de fitoxicida de provenientes do uso de herbicidas no estabelecimento e em culturas estabelecidas de alfafa (Medicago sativa)
650 _aAlfafa
650 _aErva Daninha
650 _aMateria Seca
650 _aFitotoxicidade
650 _aPos-Emergencia
650 _aHerbicida
773 0 _tRevista Brasileira de Zootecnia (Brazil)
_xISSN 0100-4859
_g(Jan-Feb 1997), v. 26(01) p. 19-26
_wBR9704288
909 _a202311
_bLúcia
_c55
_dLúcia Elande
942 _2AGRIS
_n0
_cANA
999 _c156390
_d156390